00685pam a2200181 a 4500020001600000082002900016100002800045245007500073260007000148300003300218500002000251526003700271650003000308700003600338942001200374999001900386952009800405 a0025257501 00a389.1/03bDARcL-39, P-31 aDarton, Michael.93885514aThe Macmillan dictionary of measurement /cMike Darton and John Clark. aNew York :bMacmillan :bMaxwell Macmillan International,cc1994. avi, 538 p. :bill. ;c25 cm. aIncludes index. a0b0c0d389_103000000000000_DAR 0aMCExDictionaries.9388561 aClark, John Owen Edward.938857 2ddccBK c543481d543481 00102ddc4070aMCEbMCEd2014-03-25l0o389.1/03 DARpMCE-40450r2014-03-25w2014-03-25yBK